| 000 | 00000nas 2200000zi 4500 |
| 001 | 9.936896 |
| 003 | CaOODSP |
| 005 | 20251006141327 |
| 006 | m o d f |
| 007 | cr cn |||||||| |
| 008 | 240416c20249999mbcar p o f0### 0eng|d |
| 040 | |aCaOODSP|beng|erda|cCaOODSP |
| 043 | |an-cn--- |
| 086 | 1 |aCC192-3E-PDF |
| 110 | 2 |aFreshwater Fish Marketing Corporation (Canada)|eauthor, |eissuing body. |
| 245 | 10|aCorporate plan / |cFreshwater Fish Marketing Corporation. |
| 246 | 17|aFreshwater Fish Marketing Corporation ... corporate plan |
| 264 | 1|a[Winnipeg] : |bFreshwater Fish Marketing Corporation, |c[2019]- |
| 310 | |aAnnual |
| 336 | |atext|btxt|2rdacontent |
| 337 | |acomputer|bc|2rdamedia |
| 338 | |aonline resource|bcr|2rdacarrier |
| 362 | 1 |aBegan with: FY2019/2020 to FY2023/2024. |
| 500 | |aIssued also in French under title: Plan d'affaires de ..., 2019-2024; Plan d'entreprise de ..., 2025- |
| 515 | |aReport year ends April 30. |
| 588 | |aDescription based on: FY2019/2020 to FY2023/2024; title from PDF cover page. |
| 588 | |aLatest issue consulted: FY2025/2026 to FY2029/2030. |
| 610 | 20|aFreshwater Fish Marketing Corporation (Canada)|xPlanning|vPeriodicals. |
| 650 | 0|aFisheries|xMarketing|zCanada|vPeriodicals. |
| 655 | 7|aPeriodicals|2lcgft |
| 775 | 08|tPlan d'affaires de ... / |w(CaOODSP)9.936909 |
| 775 | 08|tPlan d'entreprise de ... / |w(CaOODSP)9.955977 |